000
00244nam a2200097Ia 4500
001
643312
005
20250826153543.0
008
250824s9999 xx 000 0 und d
245
0
_a
NEREDEN NEREYE BİLİM
_c
ANNA CLAYBOURNE
260
_b
GENÇ TİMAŞ
999
_c
643312
_d
643312